MARC details
| 000 -LEADER |
| fixed length control field |
01698nam a2200289 a 4500 |
| 008 - FIXED-LENGTH DATA ELEMENTS--GENERAL INFORMATION |
| fixed length control field |
120416s1993 ||||||||||||||||| || u |
| 020 ## - INTERNATIONAL STANDARD BOOK NUMBER |
| International Standard Book Number |
0521476801 |
| 050 ## - LIBRARY OF CONGRESS CALL NUMBER |
| Classification number |
QC 5.56 Phy |
| 100 ## - MAIN ENTRY--PERSONAL NAME |
| Personal name |
Hilgevoord, Jan |
| 245 10 - TITLE STATEMENT |
| Title |
Physics and our view of the world |
| Statement of responsibility, etc. |
edited by Jan Hilgevoord |
| 260 ## - PUBLICATION, DISTRIBUTION, ETC. |
| Place of publication, distribution, etc. |
Cambridge |
| Name of publisher, distributor, etc. |
Cambridge University Press |
| Date of publication, distribution, etc. |
1993 |
| 300 ## - PHYSICAL DESCRIPTION |
| Extent |
ix, 304 p. : ill. |
| 350 ## - |
| -- |
0.00 |
| 650 #0 - SUBJECT ADDED ENTRY--TOPICAL TERM |
| Topical term or geographic name entry element |
PHYSICS |
| 650 ## - SUBJECT ADDED ENTRY--TOPICAL TERM |
| Topical term or geographic name entry element |
RELIGION AND SCIENCE--CONGRESSES |
| 650 ## - SUBJECT ADDED ENTRY--TOPICAL TERM |
| Topical term or geographic name entry element |
PHYSICS--PHILOSOPHY--CONGRESSES |
| 650 ## - SUBJECT ADDED ENTRY--TOPICAL TERM |
| Topical term or geographic name entry element |
SCIENCE--PHILOSOPHY--CONGRESSES |
| 710 ## - ADDED ENTRY--CORPORATE NAME |
| Corporate name or jurisdiction name as entry element |
Praemium Erasmianum Foundation |
| 856 ## - ELECTRONIC LOCATION AND ACCESS |
| Uniform Resource Identifier |
http://www.loc.gov/catdir/description/cam026/93046713.html |
| 856 ## - ELECTRONIC LOCATION AND ACCESS |
| Uniform Resource Identifier |
http://www.loc.gov/catdir/toc/cam021/93046713.html |
| 995 ## - |
| -- |
ANNEX COLLECTION (Main Library) |
| -- |
0.00 |
| -- |
728041 |
| -- |
CBU-MAIN LIBRARY (Kitwe) |
| -- |
4 |
| -- |
74.75 |
| -- |
QC 5.56 Phy |
| -- |
AVAILABLE |
| -- |
026204 |
| -- |
Annex Low-Usage Collection |
| 995 ## - |
| -- |
ANNEX COLLECTION (Main Library) |
| -- |
0.00 |
| -- |
026450 |
| -- |
CBU-MAIN LIBRARY (Kitwe) |
| -- |
2 |
| -- |
74.75 |
| -- |
QC 5.56 Phy |
| -- |
AVAILABLE |
| -- |
026450 |
| -- |
Annex Low-Usage Collection |
| 995 ## - |
| -- |
ANNEX COLLECTION (Main Library) |
| -- |
0.00 |
| -- |
019305 |
| -- |
CBU-MAIN LIBRARY (Kitwe) |
| -- |
5 |
| -- |
74.75 |
| -- |
QC 5.56 Phy |
| -- |
AVAILABLE |
| -- |
019305 |
| -- |
Annex Low-Usage Collection |
| 995 ## - |
| -- |
ANNEX COLLECTION (Main Library) |
| -- |
0.00 |
| -- |
730680 |
| -- |
CBU-MAIN LIBRARY (Kitwe) |
| -- |
6 |
| -- |
74.75 |
| -- |
QC 5.56 Phy |
| -- |
AVAILABLE |
| -- |
027540 |
| -- |
Annex Low-Usage Collection |
| 995 ## - |
| -- |
ANNEX COLLECTION (Main Library) |
| -- |
0.00 |
| -- |
728042 |
| -- |
CBU-MAIN LIBRARY (Kitwe) |
| -- |
3 |
| -- |
74.75 |
| -- |
QC 5.56 Phy |
| -- |
AVAILABLE |
| -- |
026449 |
| -- |
Annex Low-Usage Collection |
| 995 ## - |
| -- |
ANNEX COLLECTION (Main Library) |
| -- |
0.00 |
| -- |
728040 |
| -- |
CBU-MAIN LIBRARY (Kitwe) |
| -- |
1 |
| -- |
74.75 |
| -- |
QC 5.56 Phy |
| -- |
AVAILABLE |
| -- |
026123 |
| -- |
Annex Low-Usage Collection |
| 999 ## - |
| -- |
81903 |
| -- |
81903 |